Guía de pruebas diagnósticas y de laboratorio / (Record no. 191444)

MARC details
000 -LEADER
campo de control de longitud fija 01068nam a22002775 4500
001 - NÚMERO DE CONTROL
campo de control 191444
003 - IDENTIFICADOR DE NÚMERO DE CONTROL
campo de control SpMaBN
005 - FECHA Y HORA DE LA ÚLTIMA TRANSACCIÓN
campo de control 20250612063108.0
008 - DATOS DE LONGITUD FIJA--INFORMACIÓN GENERAL
campo de control de longitud fija 220923s1995 sp | ||| ||spa
016 7# - NÚMERO DE CONTROL DE UNA AGENCIA BIBLIOGRÁFICA NACIONAL
Número de control del registro bimoBNE19960044930 [
Fuente SpMaBN]
017 ## - NÚMERO DE COPYRIGHT O DE DEPÓSITO LEGAL
Número de copyright o de depósito legal B 39454-1995
Agencia que asigna Oficina Depósito Legal Barcelona
020 ## - NÚMERO INTERNACIONAL ESTÁNDAR DEL LIBRO
Número Internacional Estándar del Libro 8481741426
035 ## - NÚMERO DE CONTROL DEL SISTEMA
Número de control de sistema (OCoLC)431380911
040 ## - FUENTE DE CATALOGACIÓN
Centro catalogador/agencia de origen SpMaBN
Lengua de catalogación spa
Centro/agencia transcriptor SpMaBN
Normas de descripción rdc
080 ## - NÚMERO DE LA CLASIFICACIÓN DECIMAL UNIVERSAL
Número de la Clasificación Decimal Universal 616-071
100 1# - ENTRADA PRINCIPAL--NOMBRE DE PERSONA
Nombre de persona Pagana, Kathleen Deska,
Fechas asociadas al nombre 1952-
9 (RLIN) 175254
Término indicativo de función/relación Autor
245 10 - MENCIÓN DEL TÍTULO
Título Guía de pruebas diagnósticas y de laboratorio /
Mención de responsabilidad, etc. Kathleen Deska Pagana, Timothy James Pagana ; revisión de la edición en español, M. Sabrià Leal ; supervisión, C. Rey-Joly.
260 ## - PUBLICACIÓN, DISTRIBUCIÓN, ETC.
Lugar de publicación, distribución, etc. Madrid :
Nombre del editor, distribuidor, etc. Mosby/Doyma Libros,
Fecha de publicación, distribución, etc. D.L. 1995.
300 ## - DESCRIPCIÓN FÍSICA
Extensión XII, 1001 p. ;
Dimensiones 19 cm.
650 07 - PUNTO DE ACCESO ADICIONAL DE MATERIA--TÉRMINO DE MATERIA
Término de materia o nombre geográfico como elemento de entrada Diagnóstico.
9 (RLIN) 11851
700 1# - ENTRADA AGREGADA--NOMBRE PERSONAL
Nombre de persona Pagana, Timothy James,
Fechas asociadas al nombre 1949-
9 (RLIN) 175255
Término indicativo de función/relación Autor
852 4# - LOCALIZACIÓN
Ubicación ES-MaACL
Número de control de estantería A-15593
Ubicación en estantería Depósito 1
Signatura antigua Olim: 616-071 PAG gui
Encuadernación Encuadernación cartoné
942 ## - ELEMENTOS DE ENTRADA SECUNDARIOS (KOHA)
Fuente del sistema de clasificación o colocación Clasificación decimal universal
Tipo de ítem Koha Libro impreso
Suprimir en OPAC No
Holdings
Estatus retirado Estado de pérdida Fuente del sistema de clasificación o colocación Estado de daño No para préstamo Biblioteca de origen Biblioteca actual Ubicación en estantería Fecha de adquisición Total de préstamos Signatura topográfica completa Código de barras Visto por última vez Precio de reemplazo Tipo de ítem Koha
    Clasificación decimal universal     Biblioteca del Ateneo de Madrid Biblioteca del Ateneo de Madrid Depósito 1 23/09/2022   A-15593 1203793 23/02/2023 23/02/2023 Libro impreso